| 000 | 00480nam a2200145 a 4500 | ||
|---|---|---|---|
| 001 | 000035588 | ||
| 005 | 20200930074444.0 | ||
| 008 | 111103s2011 dr ac 000 0 spa d | ||
| 040 |
_aDO-SdBNP _bspa _cBNPHU |
||
| 100 | 1 |
_aPeña, Buenaventura _961489 |
|
| 245 | 1 | 0 |
_aCrónicas para recordar : _bpersonalidades del municipio de Piedra Blanca / _cBuenaventura Peña. |
| 260 |
_aSanto Domingo : _bEditora Portorreal, _c2011. |
||
| 300 |
_a156 p. : _bil., retrs. ; _c22 cm. |
||
| 049 | _aBNPD | ||
| 999 |
_c35079 _d35079 |
||